[Event "Rio Grande op 22nd"]
[Site "Rio Grande"]
[Date "2022.10.20"]
[Round "4"]
[White "Aguilera Alarcon, Nahuel Klevel"]
[Black "Gonzalez Culi, Diego"]
[Result "0-1"]
[WhiteElo "1783"]
[BlackElo "2111"]
[PlyCount "48"]
[EventDate "2022.10.19"]
[EventType "swiss"]
[EventRounds "7"]
[EventCountry "ARG"]
[SourceTitle "EXT 2024"]
[Source "ChessBase"]
[SourceDate "2023.10.10"]
[SourceVersion "1"]
[SourceVersionDate "2023.10.10"]
[SourceQuality "1"]

1. d4 d5 2. c4 e6 3. Nc3 Nf6 4. cxd5 exd5 5. Bg5 Bb4 6. e3 h6 7. Bxf6 Qxf6 8. Qf3 Qd8 9. Bd3 0-0 10. Nge2 c6 11. 0-0 Nd7 12. a3 Bd6 13. b4 a6 14. Rfc1 Re8 15. e4 dxe4 16. Nxe4 Bc7 17. Bc4 Qe7 18. N2c3 Nb6 19. Re1 Nxc4 20. Nf6+ Qxf6 21. Rxe8+ Kh7 22. Qxf6 gxf6 23. Re7 Bd8 24. Rxf7+ Kg8 0-1